| 000 | 01292nam a22003617a 4500 | ||
|---|---|---|---|
| 003 | CHAP | ||
| 005 | 20220329143212.0 | ||
| 008 | 070118d2006 mx r 00110 spa d | ||
| 010 | _a93226 | ||
| 011 | _a94198 | ||
| 035 | _a104782 | ||
| 040 | _cCHAP | ||
| 090 | _aTesis | ||
| 100 | 1 |
_aSantiago López, Rolando. _9102365 |
|
| 245 | 1 | 0 |
_aPropuestas de manejo de basura en los barrios de Xochimilco, Distrito Federal _c/por Rolando Santos López |
| 260 |
_aChapingo, Méx. : _bEl autor, _c2006. |
||
| 300 |
_a78 h. : _bilus.; gráfs.; cuadros. |
||
| 502 | _aTesis (Ing. en Recursos Naturales Renovables) - - UACH. Departamento de Suelos | ||
| 590 |
_aALEPH _b10 _c20130110 _lUCH01 _h1516 |
||
| 590 |
_aBATCH-UPD _b10 _c20130110 _lUCH01 _h0416 |
||
| 590 |
_aBATCH-UPD _b10 _c20130410 _lUCH01 _h0050 |
||
| 590 |
_aBATCH-UPD _b10 _c20130914 _lUCH01 _h0545 |
||
| 590 |
_aCONVERSION _b10 _c20130109 _lUCH01 _h1352 |
||
| 650 | 1 | 4 |
_aBasura. _910758 |
| 650 | 1 | 4 |
_aMedio ambiente _xConservación. _974068 |
| 650 | 1 | 4 |
_aMedio ambiente _xContaminación. _974069 |
| 650 | 1 | 4 |
_aResiduos sólidos. _996119 |
| 901 | _aBK | ||
| 905 | _aElisama A. H. | ||
| 942 | _cFOLL | ||
| 949 |
_atesis _bBC _cTES _d33724002004819 _eTS1 _h46232 _i104782 _sb |
||
| 949 |
_atesis _bBC _cTES _d33724002004842 _eTS2 _fc.2 _h46233 _i104782 _si |
||
| 999 |
_c93226 _d93226 |
||